000 00579nam a2200229Ia 4500
003 OSt
005 20220918174033.0
006 a|||||r|||| 00| 0
007 ta
008 220917b |||||||| |||| 00| 0 eng d
024 _a10,042
037 _cTextual
040 _aARTS
_cARTS
_beng
041 _2eng
_aeng
082 _aQ23:31:9, K3
100 _aAgrawala Vasudeva S
_941762
245 0 _aGlorification of the great Goddess
260 _c1963
650 _aRELIGION
942 _hQ23:31:9, K3
_cTEXL
_2CC
999 _c151486
_d151486